[Event "37th Reykjavik op"]
[Site "Reykjavik ISL"]
[Date "2024.03.20"]
[Round "8.39"]
[White "Botez, Andrea"]
[Black "Van Veenendaal, Elmer"]
[WhiteElo "1825"]
[BlackElo "2027"]
[Result "0-1"]
[EventDate "2024.03.15"]
[PlyCount "60"]

1. d4 {[%eval 17,0]} e6 {[%eval 45,0]} 2. Nc3 {[%eval 18,0]} d5 {[%eval 4,0]}
3. Bf4 {[%eval 0,0]} Nf6 {[%eval 0,0]} 4. e3 {[%eval 35,0]} Be7 {[%eval 13,0]}
5. Bd3 {[%eval 0,0]} a6 {[%eval 9,0]} 6. Nf3 {[%eval 1,0]} Nbd7 {[%eval 0,0]}
7. Ne5 {[%eval 2,0]} c5 {[%eval 1,0]} 8. dxc5 {[%eval 44,0]} Nxc5 {[%eval 4,0]}
9. O-O {[%eval 37,0]} O-O {[%eval 39,0]} 10. a3 {[%eval 37,0]} Bd6 {[%eval 39,
0]} 11. Ne2 $4 {[%eval -124,0] Blunder. Re1 was best.} (11. Re1 b6 12. Nf3 Be7
13. e4 dxe4 14. Bxe4 Ncxe4 15. Nxe4 Nd5 16. Be5 f6 17. c4 fxe5) 11... Qc7 {
[%eval -133,0]} 12. Nf3 {[%eval -109,0]} e5 {[%eval -127,0]} 13. Bxh7+ $6 {
[%eval -368,0] Inaccuracy. Bg5 was best.} (13. Bg5 e4 14. Bxf6 gxf6 15. Nc3 Be6
16. Nd4 exd3 17. cxd3 Kh8 18. f4 Rg8 19. Kh1 Bg4) 13... Nxh7 {[%eval -367,0]}
14. b4 {[%eval -391,0]} Ne4 {[%eval -495,0]} 15. Bg3 {[%eval -497,0]} Be6 {
[%eval -496,0]} 16. Rc1 {[%eval -495,0]} Rac8 {[%eval -475,0]} 17. Re1 {
[%eval -477,0]} Rfd8 {[%eval -479,0]} 18. Bh4 {[%eval -464,0]} f6 {[%eval -302,
0]} 19. Nd2 {[%eval -492,0]} Nc3 {[%eval -338,0]} 20. Nxc3 {[%eval -331,0]}
Qxc3 {[%eval -333,0]} 21. Nb3 {[%eval -332,0]} Qc4 {[%eval -339,0]} 22. Bg3 {
[%eval -343,0]} Ng5 {[%eval -341,0]} 23. f3 {[%eval -316,0]} b6 {[%eval -324,0]
} 24. Qd2 {[%eval -302,0]} a5 {[%eval -337,0]} 25. bxa5 {[%eval -321,0]} Bxa3 {
[%eval -378,0]} 26. axb6 {[%eval -385,0]} Bxc1 {[%eval -376,0]} 27. Rxc1 {
[%eval -386,0]} Qb5 {[%eval -233,0]} 28. h4 {[%eval -393,0]} Nf7 {[%eval -228,
0]} 29. b7 $6 {[%eval -326,0] Inaccuracy. Qa5 was best.} (29. Qa5 Qc6 30. Rb1
Nd6 31. Qb4 Nb7 32. Ra1 Qd6 33. Qxd6 Rxd6 34. f4 d4 35. fxe5 Rxb6) 29... Qxb7 {
[%eval -313,0]} 30. Qd3 {[%eval -497,0]} d4 {[%eval -491,0]} 0-1

[Event "37th Reykjavik op"]
[Site "Reykjavik ISL"]
[Date "2024.03.20"]
[Round "8.40"]
[White "Vega, Isaac"]
[Black "Saine, Zachary"]
[WhiteElo "1818"]
[BlackElo "2010"]
[Result "0-1"]
[EventDate "2024.03.15"]
[PlyCount "63"]

1. e4 {[%eval 13,0]} e5 {[%eval 17,0]} 2. Nf3 {[%eval 21,0]} Nc6 {[%eval 13,0]}
3. Bb5 {[%eval 21,0]} a6 {[%eval 2,0]} 4. Ba4 {[%eval 31,0]} Nf6 {[%eval 14,0]}
5. O-O {[%eval 24,0]} b5 {[%eval 37,0]} 6. Bb3 {[%eval 27,0]} Be7 {[%eval 43,0]
} 7. Re1 {[%eval 16,0]} d6 {[%eval 28,0]} 8. c3 {[%eval 4,0]} O-O {[%eval 41,0]
} 9. h3 {[%eval 44,0]} Na5 {[%eval 51,0]} 10. Bc2 {[%eval 56,0]} d5 {[%eval 67,
0]} 11. Nxe5 {[%eval 16,0]} dxe4 {[%eval 21,0]} 12. d4 {[%eval 11,0]} exd3 {
[%eval 12,0]} 13. Bxd3 {[%eval 1,0]} Bb7 {[%eval 16,0]} 14. Nd2 {[%eval 1,0]}
Re8 {[%eval 3,0]} 15. Ndf3 {[%eval 4,0]} Qd5 {[%eval 53,0]} 16. Bf4 {[%eval 8,
0]} c5 $2 {[%eval 168,0] Mistake. Bd6 was best.} (16... Bd6) 17. b3 $2 {
[%eval 1,0] Mistake. Qc2 was best.} (17. Qc2 Bd6 18. Rad1 Bxe5 19. Bxe5 Qc6 20.
Bxf6 Rxe1+ 21. Rxe1 Qxf6 22. Bxh7+ Kf8 23. Ne5 Bc6) 17... c4 {[%eval 2,0]} 18.
bxc4 {[%eval 0,0]} Nxc4 {[%eval 1,0]} 19. Nxc4 {[%eval 5,0]} bxc4 {[%eval 3,0]}
20. Bc2 {[%eval 3,0]} Ba3 {[%eval 16,0]} 21. Qxd5 {[%eval 5,0]} Nxd5 {[%eval
12,0]} 22. Rxe8+ {[%eval 9,0]} Rxe8 {[%eval 7,0]} 23. Ba4 $6 {[%eval 79,0]
Inaccuracy. Bd2 was best.} (23. Bd2 Bc6 24. Rb1 Bc5 25. Kf1 f6 26. Bd1 Nb6 27.
Bc2 g6 28. h4 Rd8 29. Nd4 Ba4) 23... Re2 {[%eval 77,0]} 24. Rb1 $4 {[%eval
-135,0] Blunder. Be5 was best.} (24. Be5) 24... Rb2 {[%eval -133,0]} 25. Re1 $2
{[%eval -314,0] Mistake. Rxb2 was best.} (25. Rxb2 Bxb2 26. Be5 f6 27. Bd4 Nxc3
28. Bxc3 Bxc3 29. Bc2 g6 30. Kf1 Bd5 31. Ke2 Kf7) 25... Nxf4 {[%eval -323,0]}
26. Re8+ {[%eval -327,0]} Bf8 {[%eval -325,0]} 27. Ne5 {[%eval -341,0]} Rxa2 {
[%eval -342,0]} 28. Nd7 {[%eval -351,0]} Ne6 {[%eval -371,0]} 29. Nb6 $6 {
[%eval -452,0] Inaccuracy. f4 was best.} (29. f4 Rxg2+ 30. Kf1 Rd2 31. h4 Rxd7
32. Bxd7 Nc5 33. Bg4 a5 34. Be2 Bd5 35. Rd8 Be6) 29... Rxa4 {[%eval -455,0]}
30. Rxf8+ {[%eval -435,0]} Kxf8 {[%eval -446,0]} 31. Nxa4 {[%eval -452,0]} Bc6
{[%eval -448,0]} 32. Kf1 0-1

[Event "37th Reykjavik op"]
[Site "Reykjavik ISL"]
[Date "2024.03.20"]
[Round "8.41"]
[White "Lohia, Sohum"]
[Black "Mackinnon, Keith"]
[WhiteElo "2354"]
[BlackElo "2142"]
[Result "1/2-1/2"]
[EventDate "2024.03.15"]
[PlyCount "119"]

1. e4 {[%eval 13,0]} d5 {[%eval 57,0]} 2. exd5 {[%eval 52,0]} Qxd5 {[%eval 65,
0]} 3. Nc3 {[%eval 6,0]} Qd6 {[%eval 64,0]} 4. d4 {[%eval 3,0]} Nf6 {[%eval 6,
0]} 5. Nf3 {[%eval 56,0]} c6 {[%eval 55,0]} 6. g3 {[%eval 48,0]} Bf5 {[%eval
55,0]} 7. Bg2 {[%eval 68,0]} e6 {[%eval 94,0]} 8. O-O {[%eval 55,0]} h6 {
[%eval 55,0]} 9. Ne2 {[%eval 31,0]} Be7 {[%eval 44,0]} 10. c4 {[%eval 36,0]}
O-O {[%eval 42,0]} 11. a3 {[%eval 45,0]} Qd8 {[%eval 55,0]} 12. Bf4 {[%eval 34,
0]} Nbd7 {[%eval 51,0]} 13. Nc3 {[%eval 5,0]} Ne4 {[%eval 51,0]} 14. Nxe4 {
[%eval 58,0]} Bxe4 {[%eval 49,0]} 15. Re1 {[%eval 41,0]} Nf6 {[%eval 34,0]} 16.
Qb3 {[%eval 8,0]} Qb6 {[%eval 14,0]} 17. Qc3 {[%eval 12,0]} a5 {[%eval 41,0]}
18. Be5 {[%eval 39,0]} Bg6 {[%eval 26,0]} 19. c5 {[%eval 23,0]} Qd8 {[%eval 17,
0]} 20. Bxf6 {[%eval 22,0]} Bxf6 {[%eval 19,0]} 21. Ne5 {[%eval 17,0]} Bxe5 {
[%eval 33,0]} 22. dxe5 {[%eval 35,0]} Qd3 {[%eval 34,0]} 23. Qxd3 {[%eval 32,0]
} Bxd3 {[%eval 28,0]} 24. Rad1 {[%eval 27,0]} Rfd8 {[%eval 25,0]} 25. Re3 {
[%eval 31,0]} Bc4 {[%eval 53,0]} 26. Rd6 {[%eval 58,0]} Kf8 {[%eval 57,0]} 27.
Rc3 {[%eval 6,0]} Ba2 {[%eval 75,0]} 28. b3 {[%eval 59,0]} Ke7 {[%eval 62,0]}
29. Be4 {[%eval 15,0]} a4 {[%eval 12,0]} 30. b4 {[%eval 18,0]} Bd5 $6 {[%eval
92,0] Inaccuracy. f6 was best.} (30... f6 31. f4 fxe5 32. fxe5 Bd5 33. Re3 Rf8
34. Bg6 Rad8 35. h4 Rb8 36. Rc3 Rbd8 37. Rxd8) 31. Bc2 $6 {[%eval 26,0]
Inaccuracy. Bxd5 was best.} (31. Bxd5) 31... f6 {[%eval 25,0]} 32. Rxd8 {
[%eval 14,0]} Kxd8 {[%eval 41,0]} 33. exf6 {[%eval 4,0]} gxf6 {[%eval 44,0]}
34. f4 {[%eval 28,0]} Kc7 {[%eval 62,0]} 35. Kf2 {[%eval 75,0]} b6 {[%eval 7,0]
} 36. cxb6+ {[%eval 7,0]} Kxb6 {[%eval 82,0]} 37. g4 {[%eval 74,0]} Rg8 {
[%eval 74,0]} 38. Kg3 {[%eval 34,0]} f5 {[%eval 36,0]} 39. h3 {[%eval 39,0]}
fxg4 {[%eval 55,0]} 40. hxg4 {[%eval 37,0]} e5 {[%eval 38,0]} 41. fxe5 {
[%eval 27,0]} h5 {[%eval 31,0]} 42. Bf5 {[%eval 34,0]} hxg4 {[%eval 23,0]} 43.
Bc2 {[%eval 19,0]} Kb5 {[%eval 42,0]} 44. Rc5+ {[%eval 21,0]} Kb6 {[%eval 25,0]
} 45. Rc3 {[%eval 16,0]} Kb5 {[%eval 26,0]} 46. Bd3+ {[%eval 12,0]} Kb6 {
[%eval 26,0]} 47. Bc4 {[%eval 1,0]} Bxc4 {[%eval 2,0]} 48. Rxc4 {[%eval 3,0]}
Re8 {[%eval 5,0]} 49. Re4 {[%eval 4,0]} c5 {[%eval 7,0]} 50. Kxg4 {[%eval 0,0]}
Kc6 {[%eval 0,0]} 51. bxc5 {[%eval 0,0]} Kd5 {[%eval 0,0]} 52. Kf4 {[%eval 5,0]
} Rf8+ {[%eval 0,0]} 53. Ke3 {[%eval 0,0]} Rh8 {[%eval 0,0]} 54. Rxa4 {[%eval
0,0]} Rh3+ {[%eval 0,0]} 55. Kd2 {[%eval 0,0]} Kxe5 {[%eval 0,0]} 56. c6 {
[%eval 0,0]} Kd6 {[%eval 0,0]} 57. Ra6 {[%eval 0,0]} Kc7 {[%eval 0,0]} 58. a4 {
[%eval 0,0]} Rh6 {[%eval 0,0]} 59. Ra7+ {[%eval 0,0]} Kb6 {[%eval 0,0]} 60. Rg7
1/2-1/2

[Event "37th Reykjavik op"]
[Site "Reykjavik ISL"]
[Date "2024.03.20"]
[Round "8.42"]
[White "Prado Serrano, Alexandra"]
[Black "Sridhar, Seshadri"]
[WhiteElo "1877"]
[BlackElo "1680"]
[Result "1-0"]
[EventDate "2024.03.15"]
[PlyCount "49"]

1. e4 {[%eval 13,0]} c5 {[%eval 33,0]} 2. Nc3 {[%eval 24,0]} e5 $6 {[%eval 95,
0] Inaccuracy. a6 was best.} (2... a6 3. Nf3 d6 4. d4 cxd4 5. Nxd4 Nf6 6. Be2
e5 7. Nb3) 3. Bc4 {[%eval 96,0]} Nf6 {[%eval 97,0]} 4. d3 {[%eval 104,0]} h6 {
[%eval 102,0]} 5. f4 {[%eval 101,0]} exf4 {[%eval 98,0]} 6. Bxf4 {[%eval 83,0]}
d6 {[%eval 82,0]} 7. Nf3 {[%eval 89,0]} Bg4 {[%eval 104,0]} 8. h3 {[%eval 182,
0]} Be6 {[%eval 157,0]} 9. O-O {[%eval 103,0]} Be7 {[%eval 185,0]} 10. Bxe6 {
[%eval 187,0]} fxe6 {[%eval 192,0]} 11. e5 {[%eval 189,0]} dxe5 {[%eval 183,0]}
12. Nxe5 {[%eval 185,0]} O-O {[%eval 189,0]} 13. Qe2 {[%eval 189,0]} Qd4+ $6 {
[%eval 297,0] Inaccuracy. Qe8 was best.} (13... Qe8 14. Rae1 Nh5 15. Bh2 Rxf1+
16. Rxf1 Nf6 17. Re1 Nc6 18. Nxc6 Qxc6 19. Qxe6+ Qxe6 20. Rxe6) 14. Kh1 {
[%eval 285,0]} Nd5 $6 {[%eval 376,0] Inaccuracy. Kh7 was best.} (14... Kh7 15.
Nb5 Qd8 16. d4 cxd4 17. Qd3+ Kg8 18. Bxh6 Ne8 19. Rxf8+ Bxf8 20. Qg6 Qf6 21.
Qxe8) 15. Nxd5 {[%eval 338,0]} Qxd5 {[%eval 335,0]} 16. Ng6 {[%eval 333,0]} Rf7
{[%eval 416,0]} 17. c4 {[%eval 395,0]} Qd7 $6 {[%eval 514,0] Inaccuracy. Qd8
was best.} (17... Qd8 18. Qxe6 Nc6 19. Nh8 Kxh8 20. Qxf7 Qd4 21. Bg3 Qxb2 22.
Qg6 Qd4 23. Rab1 Nb4 24. Rf7) 18. Ne5 {[%eval 512,0]} Qc8 {[%eval 641,0]} 19.
Nxf7 {[%eval 621,0]} Nc6 {[%eval 606,0]} 20. Ne5 {[%eval 509,0]} Nd4 {[%eval
495,0]} 21. Qh5 {[%eval 483,0]} Bf6 {[%eval 536,0]} 22. Qf7+ {[%eval 551,0]}
Kh7 $6 {[%eval 702,0] Inaccuracy. Kh8 was best.} (22... Kh8 23. Rae1 Nf5 24.
Nd7 Qg8 25. Qxg8+ Kxg8 26. Nxf6+ gxf6 27. g4 Nd4 28. Bd6 b6 29. Rxf6) 23. Qg6+
{[%eval 704,0]} Kg8 {[%eval 744,0]} 24. Ng4 {[%eval 728,0]} Qf8 {[%eval 902,0]}
25. Bd6 {[%eval 775,0]} 1-0

[Event "37th Reykjavik op"]
[Site "Reykjavik ISL"]
[Date "2024.03.20"]
[Round "8.43"]
[White "Rathbone-Jones, Ifan"]
[Black "Stelmaszyk, Nico"]
[WhiteElo "1966"]
[BlackElo "2347"]
[Result "0-1"]
[EventDate "2024.03.15"]
[PlyCount "70"]

1. d4 {[%eval 17,0]} d5 {[%eval 25,0]} 2. Bf4 {[%eval 3,0]} Nf6 {[%eval 0,0]}
3. Nf3 {[%eval 11,0]} c5 {[%eval 0,0]} 4. e3 {[%eval 0,0]} Nc6 {[%eval 0,0]} 5.
Nbd2 {[%eval 0,0]} Nh5 {[%eval 29,0]} 6. Bg3 {[%eval 2,0]} Nxg3 {[%eval 25,0]}
7. hxg3 {[%eval 13,0]} g6 {[%eval 0,0]} 8. c3 {[%eval 12,0]} Qb6 {[%eval 7,0]}
9. Qc2 {[%eval 27,0]} Bg7 {[%eval 32,0]} 10. a4 {[%eval 27,0]} Bf5 {[%eval 28,
0]} 11. Bd3 {[%eval 67,0]} Bxd3 {[%eval 61,0]} 12. Qxd3 {[%eval 6,0]} Qxb2 {
[%eval 62,0]} 13. Rb1 {[%eval 83,0]} Qa3 {[%eval 8,0]} 14. Qb5 {[%eval 77,0]}
O-O {[%eval 83,0]} 15. O-O {[%eval 8,0]} cxd4 {[%eval 76,0]} 16. cxd4 {[%eval
75,0]} Qd6 {[%eval 87,0]} 17. Qxb7 $6 {[%eval -25,0] Inaccuracy. Rfc1 was best.
} (17. Rfc1 Rab8 18. Nb3 Rfc8 19. Nc5 Rc7 20. a5 e6 21. Rc2 Bf8 22. Rbc1 Qe7
23. Qa4 Nxa5) 17... Rab8 {[%eval -19,0]} 18. Qa6 {[%eval -6,0]} Nxd4 {[%eval
-23,0]} 19. Qxd6 {[%eval -195,0]} Ne2+ {[%eval -3,0]} 20. Kh2 {[%eval -13,0]}
exd6 {[%eval -14,0]} 21. a5 {[%eval -27,0]} d4 {[%eval -65,0]} 22. exd4 {
[%eval -93,0]} Nxd4 {[%eval 95,0]} 23. Nxd4 $6 {[%eval -12,0] Inaccuracy. Rfc1
was best.} (23. Rfc1 Rb5) 23... Bxd4 {[%eval -14,0]} 24. Ne4 {[%eval -183,0]}
d5 {[%eval -174,0]} 25. Rbd1 {[%eval -179,0]} Rb4 {[%eval -185,0]} 26. Ng5 {
[%eval -165,0]} Rd8 {[%eval -167,0]} 27. Rc1 {[%eval -186,0]} Rd7 {[%eval -198,
0]} 28. Nf3 {[%eval -185,0]} Bf6 {[%eval -187,0]} 29. Rc6 {[%eval -165,0]} Kg7
{[%eval -196,0]} 30. Rd1 {[%eval -163,0]} d4 {[%eval -165,0]} 31. Rd3 {[%eval
-141,0]} Rd5 {[%eval -151,0]} 32. a6 $2 {[%eval -387,0] Mistake. g4 was best.}
(32. g4 Rxa5 33. Kh3 Rb2 34. Nd2 Ra1 35. g3 Rd1 36. Rf3 Rb6 37. Rfxf6 Rxd2 38.
Rxb6 axb6) 32... Rh5+ {[%eval -388,0]} 33. Nh4 {[%eval -395,0]} g5 {[%eval
-391,0]} 34. Rf3 {[%eval -493,0]} Rh6 {[%eval -359,0]} 35. Rc7 {[%eval -311,0]}
Rxh4+ {[%eval -308,0]} 0-1

[Event "37th Reykjavik op"]
[Site "Reykjavik ISL"]
[Date "2024.03.20"]
[Round "8.44"]
[White "Roberts, Tallulah"]
[Black "Novak, Vjekoslav"]
[WhiteElo "1671"]
[BlackElo "1833"]
[Result "1/2-1/2"]
[EventDate "2024.03.15"]
[PlyCount "107"]

1. d4 {[%eval 17,0]} f5 {[%eval 49,0]} 2. Nc3 {[%eval 2,0]} d5 {[%eval 7,0]} 3.
Bf4 {[%eval 57,0]} Nf6 {[%eval 74,0]} 4. e3 {[%eval 33,0]} c6 {[%eval 69,0]} 5.
Bd3 {[%eval 82,0]} e6 {[%eval 119,0]} 6. Nf3 {[%eval 56,0]} Bd6 {[%eval 86,0]}
7. Bxd6 $6 {[%eval 24,0] Inaccuracy. Ne2 was best.} (7. Ne2 c5 8. dxc5 Qa5+ 9.
c3 Qxc5 10. O-O O-O 11. Ned4 Re8) 7... Qxd6 {[%eval 94,0]} 8. Ne5 $6 {[%eval
28,0] Inaccuracy. O-O was best.} (8. O-O O-O 9. Ne2 b6 10. c4 c5 11. cxd5 exd5
12. b3 Nc6) 8... O-O {[%eval 28,0]} 9. Qe2 {[%eval 19,0]} Ne4 {[%eval 17,0]}
10. f3 {[%eval 35,0]} Nxc3 {[%eval 41,0]} 11. bxc3 {[%eval 35,0]} Nd7 {[%eval
14,0]} 12. Nxd7 {[%eval 11,0]} Bxd7 {[%eval 12,0]} 13. O-O {[%eval 24,0]} e5 {
[%eval 8,0]} 14. e4 {[%eval 55,0]} Rae8 $6 {[%eval 0,0] Inaccuracy. exd4 was
best.} (14... exd4 15. exd5) 15. dxe5 $6 {[%eval -91,0] Inaccuracy. exd5 was
best.} (15. exd5 cxd5) 15... Qc5+ $6 {[%eval 28,0] Inaccuracy. Qxe5 was best.}
(15... Qxe5 16. Qd2 dxe4 17. fxe4 f4 18. Bc4+ Be6 19. Bb3 Rd8 20. Qe2 h6 21.
Rf3 a5 22. Bxe6+) 16. Qf2 {[%eval 27,0]} Qxf2+ {[%eval 25,0]} 17. Rxf2 {
[%eval 25,0]} fxe4 {[%eval 27,0]} 18. fxe4 {[%eval 33,0]} Rxf2 {[%eval 31,0]}
19. Kxf2 {[%eval 23,0]} dxe4 {[%eval 18,0]} 20. Bxe4 {[%eval 2,0]} Rxe5 {
[%eval 23,0]} 21. Bd3 {[%eval 56,0]} Be6 {[%eval 61,0]} 22. a3 {[%eval 8,0]}
Kf7 {[%eval 56,0]} 23. Rb1 {[%eval 48,0]} b6 {[%eval 25,0]} 24. Rb4 {[%eval 65,
0]} h6 {[%eval 23,0]} 25. Ra4 {[%eval 2,0]} a5 {[%eval 1,0]} 26. Rd4 {[%eval
29,0]} Ke7 {[%eval 28,0]} 27. g3 {[%eval 33,0]} c5 {[%eval 12,0]} 28. Rh4 {
[%eval 7,0]} Kd6 {[%eval 8,0]} 29. c4 {[%eval 8,0]} Bc8 {[%eval 9,0]} 30. Rf4 {
[%eval 7,0]} Ke7 {[%eval 9,0]} 31. Re4 {[%eval 1,0]} Rxe4 {[%eval 12,0]} 32.
Bxe4 {[%eval 7,0]} Kf6 {[%eval 7,0]} 33. c3 {[%eval 13,0]} Ke5 {[%eval 7,0]}
34. Ke3 {[%eval 11,0]} Bh3 {[%eval 1,0]} 35. Bd3 {[%eval 8,0]} g5 {[%eval 2,0]}
36. a4 $6 {[%eval 58,0] Inaccuracy. Bg6 was best.} (36. Bg6) 36... Bg4 {
[%eval 61,0]} 37. Bc2 {[%eval 57,0]} h5 $6 {[%eval 0,0] Inaccuracy. Bh5 was
best.} (37... Bh5 38. Kf2 Bf7 39. Bd3 Be8 40. Bc2 Bh5 41. Ke3 Bf7 42. Bd3 Be8
43. Bc2 Kf6 44. Ke2) 38. Bb3 {[%eval 54,0]} Bf5 {[%eval 0,0]} 39. Bd1 $6 {
[%eval 93,0] Inaccuracy. h4 was best.} (39. h4 Be6 40. Bd1 Bf7 41. Bb3) 39...
g4 $6 {[%eval 0,0] Inaccuracy. h4 was best.} (39... h4 40. Bf3 Be6 41. Be2 Bd7
42. Bd1 Kf5 43. Kf3 Bc6+ 44. Kf2 Be4 45. Ke2 Bg2 46. Ke1) 40. Bb3 {[%eval 0,0]}
Bb1 {[%eval 0,0]} 41. Bd1 {[%eval 2,0]} Kf5 {[%eval 5,0]} 42. Bb3 {[%eval 0,0]}
Kg5 {[%eval 0,0]} 43. Bd1 {[%eval 0,0]} Kf6 {[%eval 0,0]} 44. Bb3 {[%eval 0,0]}
Ke5 {[%eval 0,0]} 45. Bd1 {[%eval 0,0]} Ba2 {[%eval 0,0]} 46. Kd3 {[%eval 0,0]}
Bb1+ {[%eval 0,0]} 47. Ke3 {[%eval 0,0]} Bf5 {[%eval 0,0]} 48. Bb3 {[%eval 0,0]
} Bg6 {[%eval 0,0]} 49. Bd1 {[%eval 0,0]} Be8 {[%eval 0,0]} 50. Bb3 {[%eval 0,
0]} Bc6 {[%eval 0,0]} 51. Bd1 {[%eval 0,0]} Kf5 {[%eval 2,0]} 52. Bb3 {[%eval
0,0]} Kg5 {[%eval 0,0]} 53. Bd1 {[%eval 0,0]} Bd7 {[%eval 0,0]} 54. Bb3 {
[%eval 0,0]} 1/2-1/2

[Event "37th Reykjavik op"]
[Site "Reykjavik ISL"]
[Date "2024.03.20"]
[Round "8.45"]
[White "Dhruv, Rattan"]
[Black "Kazarian, Anna-Maja"]
[WhiteElo "1831"]
[BlackElo "2206"]
[Result "1/2-1/2"]
[EventDate "2024.03.15"]
[PlyCount "117"]

1. e4 {[%eval 13,0]} e6 {[%eval 0,0]} 2. d4 {[%eval 41,0]} d5 {[%eval 21,0]} 3.
e5 {[%eval 0,0]} c5 {[%eval 32,0]} 4. c3 {[%eval 22,0]} Qb6 {[%eval 0,0]} 5.
Nf3 {[%eval 12,0]} Bd7 {[%eval 28,0]} 6. Be2 {[%eval 41,0]} Bb5 {[%eval 0,0]}
7. Bxb5+ {[%eval 12,0]} Qxb5 {[%eval 45,0]} 8. Na3 {[%eval 42,0]} Qd7 {[%eval
42,0]} 9. Nc2 {[%eval 38,0]} Nc6 {[%eval 45,0]} 10. O-O {[%eval 35,0]} Nge7 $6
{[%eval 112,0] Inaccuracy. cxd4 was best.} (10... cxd4) 11. Bd2 $6 {[%eval 45,
0] Inaccuracy. dxc5 was best.} (11. dxc5) 11... Ng6 {[%eval 58,0]} 12. h4 {
[%eval 69,0]} h5 {[%eval 74,0]} 13. g3 {[%eval 72,0]} f6 {[%eval 79,0]} 14.
exf6 $6 {[%eval 24,0] Inaccuracy. Qe2 was best.} (14. Qe2 Be7) 14... gxf6 {
[%eval 17,0]} 15. b4 {[%eval 32,0]} c4 {[%eval 58,0]} 16. b5 {[%eval 84,0]}
Nce7 {[%eval 91,0]} 17. Re1 {[%eval 92,0]} Nf5 {[%eval 81,0]} 18. Qe2 {[%eval
58,0]} Kf7 {[%eval 49,0]} 19. a4 {[%eval 75,0]} Bd6 {[%eval 57,0]} 20. Ne3 {
[%eval 45,0]} Rag8 {[%eval 26,0]} 21. Ng2 {[%eval 27,0]} Nf8 $6 {[%eval 37,0]
Inaccuracy. Rg7 was best.} (21... Rg7 22. Ra2 Bb8 23. Qd1 Nd6 24. Qc2 Ne4 25.
Bc1 Re8 26. Bh6 Rh7 27. Be3 Qc8 28. Bc1) 22. Bf4 {[%eval 42,0]} Bxf4 {[%eval
56,0]} 23. Nxf4 {[%eval 36,0]} Qd6 {[%eval 45,0]} 24. Kh2 $2 {[%eval 94,0]
Mistake. Ng2 was best.} (24. Ng2 Ng6 25. Ra2 Nge7 26. Qf1 Rg6 27. Nh2 e5 28.
dxe5 fxe5 29. Rd2 Qf6 30. Qe2 e4) 24... Rg4 {[%eval -88,0]} 25. Qd2 {[%eval
-94,0]} Rhg8 $6 {[%eval 41,0] Inaccuracy. Rxf4 was best.} (25... Rxf4) 26. Rg1
{[%eval 58,0]} Ng6 {[%eval 17,0]} 27. Nxg6 {[%eval 27,0]} R8xg6 {[%eval 23,0]}
28. Kh1 {[%eval 19,0]} e5 {[%eval 21,0]} 29. dxe5 {[%eval 12,0]} fxe5 {[%eval
19,0]} 30. Nh2 $6 {[%eval -91,0] Inaccuracy. Rad1 was best.} (30. Rad1 d4 31.
Qe2 Qd5 32. cxd4 Kf8 33. dxe5 Nd4 34. Rxd4 Rxd4 35. Kh2 Re4 36. Qb2 Ke8) 30...
Re4 $2 {[%eval 26,0] Mistake. d4 was best.} (30... d4 31. Nxg4 Rxg4 32. Kh2 e4
33. Qa2 e3 34. Rg2 d3 35. fxe3 Kg6 36. Qf2 Rxh4+ 37. Kg1) 31. Nf3 $6 {[%eval
51,0] Inaccuracy. Qd1 was best.} (31. Qd1 Qe6) 31... Kg7 {[%eval 0,0]} 32. Qc2
$2 {[%eval -64,0] Mistake. Rge1 was best.} (32. Rge1 Rxe1+ 33. Rxe1 e4 34. Ng5
Rf6 35. Qd1 Kh6 36. Qc1 Kg7 37. Qd1) 32... Qf6 {[%eval -71,0]} 33. Ng5 $4 {
[%eval -295,0] Blunder. Nh2 was best.} (33. Nh2 Nd6) 33... Rg4 {[%eval -298,0]}
34. Kh2 {[%eval -214,0]} Nxh4 {[%eval -245,0]} 35. gxh4 {[%eval -268,0]} Rxh4+
$4 {[%eval 0,0] Blunder. Qf4+ was best.} (35... Qf4+ 36. Rg3 R6xg5 37. hxg5 h4
38. Rag1 hxg3+ 39. fxg3 Rh4+ 40. Kg2 Qg4 41. Kf1 Rh8 42. Qe2) 36. Nh3 {[%eval
2,0]} Rgg4 $2 {[%eval 164,0] Mistake. e4 was best.} (36... e4) 37. Rg3 {
[%eval 172,0]} d4 {[%eval 106,0]} 38. Rag1 {[%eval 161,0]} d3 {[%eval 125,0]}
39. Qd2 {[%eval 135,0]} Qf4 {[%eval 192,0]} 40. Qe3 $2 {[%eval 53,0] Mistake.
Qxf4 was best.} (40. Qxf4 exf4 41. R3g2 f3 42. Rg3 Kf6 43. Rxf3+ Ke6 44. Rd1
Re4 45. Kg2 Rhg4+ 46. Kf1 Kd6) 40... b6 $6 {[%eval 149,0] Inaccuracy. Qxe3 was
best.} (40... Qxe3) 41. Kg2 {[%eval 145,0]} Rxg3+ {[%eval 243,0]} 42. Qxg3+ {
[%eval 232,0]} Qxg3+ {[%eval 212,0]} 43. fxg3 {[%eval 189,0]} Re4 {[%eval 131,
0]} 44. Kf3 {[%eval 215,0]} Re2 {[%eval 175,0]} 45. Nf2 {[%eval 143,0]} Kg6 $2
{[%eval 289,0] Mistake. Kf6 was best.} (45... Kf6 46. g4 h4 47. Rh1 Ke6 48. g5
h3 49. Rxh3 Re1 50. Ne4 Rf1+ 51. Kg3 Re1 52. Nd2) 46. g4 {[%eval 287,0]} h4 {
[%eval 246,0]} 47. g5 $4 {[%eval 0,0] Blunder. Rh1 was best.} (47. Rh1 h3 48.
Rxh3 Re1 49. Ne4 Rf1+ 50. Kg3 Rd1 51. Rh2 Rc1 52. Rf2 Rg1+ 53. Rg2 Re1) 47...
h3 $2 {[%eval 117,0] Mistake. Rc2 was best.} (47... Rc2 48. Ne4 h3 49. Rh1 d2
50. Ke2 Rc1 51. Nf2 Rxh1 52. Nxh1 Kxg5 53. Kxd2 Kf4 54. Ke2) 48. Ne4 $2 {
[%eval 0,0] Mistake. Nxh3 was best.} (48. Nxh3 Rc2 49. Rd1 Kf5 50. Rf1 Rxc3 51.
Ke3+ Kg6 52. Nf2 Rc2 53. Ne4 Kg7 54. Rf2 Rc1) 48... h2 {[%eval 0,0]} 49. Rh1 {
[%eval 0,0]} Rc2 {[%eval 0,0]} 50. Ke3 {[%eval 0,0]} Re2+ {[%eval 0,0]} 51. Kf3
{[%eval 14,0]} Ra2 {[%eval 0,0]} 52. Ke3 {[%eval 0,0]} Rxa4 $4 {[%eval 367,0]
Blunder. Rg2 was best.} (52... Rg2 53. Kf3 Re2 54. Rf1 Rc2 55. Ke3 Rg2 56. Rh1
Kg7 57. Kf3 Rc2 58. Ke3 Re2+ 59. Kf3) 53. Rxh2 {[%eval 367,0]} Ra1 {[%eval 351,
0]} 54. Rh6+ {[%eval 349,0]} Kg7 {[%eval 331,0]} 55. Rc6 $4 {[%eval 17,0]
Blunder. Nd2 was best.} (55. Nd2 Re1+ 56. Kf3 Rg1 57. Rc6 Rxg5 58. Nxc4 Kf7 59.
Nd6+ Ke7 60. Ne4 d2 61. Ke2 Rg2+) 55... Re1+ {[%eval 3,0]} 56. Kf3 {[%eval 12,
0]} Rf1+ {[%eval 4,0]} 57. Ke3 {[%eval 5,0]} Re1+ {[%eval 1,0]} 58. Kf3 {
[%eval 12,0]} Rf1+ {[%eval 22,0]} 59. Ke3 1/2-1/2

[Event "37th Reykjavik op"]
[Site "Reykjavik ISL"]
[Date "2024.03.20"]
[Round "8.65"]
[White "Haugen, Lars Tormod"]
[Black "Gikas, Andreas Basilius"]
[WhiteElo "1945"]
[BlackElo "2104"]
[Result "1-0"]
[EventDate "2024.03.15"]
[PlyCount "129"]

1. c4 c6 2. e4 d5 3. cxd5 cxd5 4. exd5 Nf6 5. Nc3 g6 6. Bc4 Bg7 7. Nf3 O-O 8.
O-O Nbd7 9. d3 Nb6 10. Qb3 Bf5 11. Re1 Rc8 12. Bg5 h6 13. Be3 Nfd7 14. Nd4 Nc5
15. Qd1 Bd7 16. Rc1 a5 17. Qd2 Kh7 18. b3 Be8 19. Nde2 e5 20. dxe6 Nxc4 21. e7
Qxe7 22. dxc4 Ne4 23. Nxe4 Qxe4 24. Nf4 Qf5 25. Nd5 Ra8 26. Bd4 Bc6 27. Bxg7
Kxg7 28. Qd4+ f6 29. Ne7 Qd7 30. Nxc6 Qxc6 31. Re7+ Rf7 32. Rce1 Raf8 33. R7e6
Rd7 34. Qe3 Qc7 35. h4 h5 36. Qf3 Rff7 37. Qe4 Rd6 38. Re7 Rd7 39. Re8 Rd8 40.
Re7 Rd7 41. Re6 Rd6 42. g3 Rxe6 43. Qxe6 Qc5 44. Rd1 Qc7 45. Rd6 Kf8 46. Kg2
Kg7 47. a3 Kf8 48. b4 axb4 49. axb4 Kg7 50. c5 Qe7 51. Kf3 Qxe6 52. Rxe6 Rd7
53. Ke4 Kf7 54. Rb6 Ke7 55. f4 Kf7 56. f5 gxf5+ 57. Kxf5 Rd5+ 58. Ke4 Rd7 59.
b5 Kg6 60. c6 bxc6 61. bxc6 Rd1 62. Rb5 Re1+ 63. Kd5 Kf5 64. Kd6+ Kg4 65. c7
1-0